<?xml version="1.0" encoding="UTF-8"?><?xml-stylesheet type="text/xsl" href="static/style.xsl"?><OAI-PMH xmlns="http://www.openarchives.org/OAI/2.0/" xmlns:xsi="http://www.w3.org/2001/XMLSchema-instance" xsi:schemaLocation="http://www.openarchives.org/OAI/2.0/ http://www.openarchives.org/OAI/2.0/OAI-PMH.xsd"><responseDate>2026-06-01T18:12:06Z</responseDate><request verb="GetRecord" identifier="oai:riuma.uma.es:10630/35637" metadataPrefix="marc">https://riuma.uma.es/rest/oai/request</request><GetRecord><record><header><identifier>oai:riuma.uma.es:10630/35637</identifier><datestamp>2026-02-03T11:04:42Z</datestamp><setSpec>com_10630_2254</setSpec><setSpec>col_10630_37953</setSpec></header><metadata><record xmlns="http://www.loc.gov/MARC21/slim" xmlns:dcterms="http://purl.org/dc/terms/" xmlns:doc="http://www.lyncode.com/xoai" xmlns:xsi="http://www.w3.org/2001/XMLSchema-instance" xsi:schemaLocation="http://www.loc.gov/MARC21/slim http://www.loc.gov/standards/marcxml/schema/MARC21slim.xsd">
   <leader>00925njm 22002777a 4500</leader>
   <datafield ind2=" " ind1=" " tag="042">
      <subfield code="a">dc</subfield>
   </datafield>
   <datafield ind2=" " ind1=" " tag="720">
      <subfield code="a">García Ponce, Damián</subfield>
      <subfield code="e">author</subfield>
   </datafield>
   <datafield ind2=" " ind1=" " tag="720">
      <subfield code="a">Smolak-Lozano, Emilia</subfield>
      <subfield code="e">author</subfield>
   </datafield>
   <datafield ind2=" " ind1=" " tag="260">
      <subfield code="c">2012</subfield>
   </datafield>
   <datafield ind2=" " ind1=" " tag="520">
      <subfield code="a">La presente comunicación en el ámbito de la Ruptura y Transgresión de las Narrativas Audiovisuales se centra en la Saga Bishock de videojuegos, en la que hemos detectado mediante un análisis la presencia de una profunda argumentación y creación de un mundo rico y original, basado en la filosofía de Ayn Rand y con claras trazas de otros filósofos como Frederich Nietzsche.</subfield>
   </datafield>
   <datafield ind1="8" ind2=" " tag="024">
      <subfield code="a">García Ponce, D. ., &amp; Smolak Lozano, E. (2022). La narrativa audiovisual en los entornos virtuales de ocio: la recreación del mundo propio. La saga Bioshock. COMUNICACIÓN. Revista Internacional De Comunicación Audiovisual, Publicidad Y Estudios Culturales, 1(10), 1128–1142. https://doi.org/10.12795/comunicacion.2012.v01.i10.88</subfield>
   </datafield>
   <datafield ind1="8" ind2=" " tag="024">
      <subfield code="a">https://hdl.handle.net/10630/35637</subfield>
   </datafield>
   <datafield ind1="8" ind2=" " tag="024">
      <subfield code="a">https://doi.org/10.12795/comunicacion.2012.v01.i10.88</subfield>
   </datafield>
   <datafield tag="653" ind2=" " ind1=" ">
      <subfield code="a">Videojuegos</subfield>
   </datafield>
   <datafield ind2="0" ind1="0" tag="245">
      <subfield code="a">La narrativa audiovisual en los entornos virtuales de ocio: la recreación del mundo propio. La saga Bioshock</subfield>
   </datafield>
</record>
</metadata></record></GetRecord></OAI-PMH>